Famous Pairs by Lesser-Known Names Quiz Stats

Quiz Updated Sep 29, 2014

Challenge
Share
Tweet
Embed
Score 0/25 Timer 08:00
1 Play Today
% Correct
Simon & Garfunkel
95.7%
Lennon & McCartney
95.7%
Bogart & Bacall
95.2%
Donny & Marie
94.7%
Hall & Oates
85.3%
Abbott & Costello
84.3%
Martin & Lewis
84.1%
Laurel & Hardy
82.7%
Mulder & Scully
82.4%
Sid & Nancy
80.3%
Harold & Kumar
79.6%
Cagney & Lacey
78.7%
Lenny & Squiggy
78.5%
% Correct
Cheech & Chong
77.6%
Burns & Allen
76.4%
Bonnie & Clyde
74.8%
Lewis & Clark
72%
Ren & Stimpy
68.9%
Will & Grace
63.6%
Rowan & Martin
60.3%
Gilbert & Sullivan
58.4%
Ben & Jerry
57.2%
Wayne & Garth
53.5%
Brooks & Dunn
53.4%
Starsky & Hutch
52%

You're not logged in!

Compare scores with friends on all Sporcle quizzes.
Join for Free
OR
Log In

You Might Also Like...

Show Comments

Extras

Top Quizzes Today


Score Distribution

Your Account Isn't Verified!

In order to create a playlist on Sporcle, you need to verify the email address you used during registration. Go to your Sporcle Settings to finish the process.

Report this User

Report this user for behavior that violates our Community Guidelines.

Details: